| 000 | 00418nam a2200157 4500 | ||
|---|---|---|---|
| 005 | 20260430094358.0 | ||
| 008 | 260430b |||||||| |||| 00| 0 eng d | ||
| 020 | _a9781108733748 | ||
| 082 |
_a418 _bHER-S |
||
| 100 | _aHerschensohn Juli , Martha Young Scholten | ||
| 245 | _aSecond Language Acquisition | ||
| 260 |
_aNew York _bCambridge University Press |
||
| 300 | _a823p | ||
| 650 | _aEnglish | ||
| 942 | _cBK | ||
| 999 |
_c47434 _d47434 |
||